Countries that Start and End in “A” - Statistics

General Stats
  • This quiz has been taken 58 times
  • The average score is 8 of 9
Answer Stats
Hint Answer % Correct
1 Albania
96%
8 Australia
89%
9 Austria
88%
2 Algeria
82%
7 Armenia
82%
3 Andorra
80%
4 Angola
79%
5 Antigua and Barbuda
77%
6 Argentina
77%
No matching quizzes found
Score Distribution
Percent of People with Each Score
Percentile by Number Answered
Your Score History
You have not taken this quiz